| 000 | 01413cam a22003134a 4500 | ||
|---|---|---|---|
| 001 | 15325364 | ||
| 003 | ARRUPE | ||
| 005 | 20131024130429.0 | ||
| 008 | 080611s2009 nyu b 001 0 eng | ||
| 010 | _a 2008025905 | ||
| 020 | _a9780809142026 (alk. paper) | ||
| 040 |
_aDLC _cDLC _dDLC |
||
| 050 | 0 | 0 |
_aBX830 1962 .A45 _bA572 2009 |
| 100 | 1 |
_aBevans, Stephen B., _d1944- _92986 |
|
| 245 | 1 | 0 |
_aEvangelization and religious freedom : _bAd gentes, Dignitatis humanae / _cStephen B. Bevans and Jeffrey Gros. |
| 260 |
_aNew York : _bPaulist Press, _cc2009. |
||
| 300 |
_axii, 259 p. ; _c23 cm. |
||
| 504 | _aIncludes bibliographical references (p. 235-251) and index. | ||
| 610 | 2 | 0 |
_aCatholic Church _xMissions. _92987 |
| 610 | 2 | 0 |
_aCatholic Church _xDoctrines. _92988 |
| 611 | 2 | 0 |
_aVatican Council _n(2nd : _d1962-1965 : _cBasilica di San Pietro in Vaticano). _tDecretum de activitate missionali ecclesiae. _92989 |
| 611 | 2 | 0 |
_aVatican Council _n(2nd : _d1962-1965 : _cBasilica di San Pietro in Vaticano). _tDeclaratio de libertate religiosa. _92990 |
| 650 | 0 |
_aFreedom of religion. _92991 |
|
| 700 | 1 |
_aGros, Jeffrey, _d1938- _92992 |
|
| 856 | 4 | 1 |
_3Table of contents only _uhttp://www.loc.gov/catdir/toc/ecip0821/2008025905.html |
| 906 |
_a7 _bcbc _corignew _d1 _eecip _f20 _gy-gencatlg |
||
| 942 |
_2lcc _cMONOGRAPH |
||
| 999 |
_c118459 _d118459 |
||